| 000 | 00883cam a22002771 4500 | ||
|---|---|---|---|
| 999 |
_c9899 _d9899 |
||
| 001 | 9899 | ||
| 003 | BD-JhCC | ||
| 005 | 20180403103938.0 | ||
| 008 | 711109s1964 nyua b 000 0 eng | ||
| 035 | _a(BD-JhCC)9899 | ||
| 035 | _a(OCoLC)170112 | ||
| 040 |
_aDLC _cODaWU _dOCoLC _dDLC |
||
| 041 | _aeng | ||
| 050 | 0 | 0 |
_aHB201 _b.D26 |
| 082 |
_a330.156 _bPAU 1964 |
||
| 100 | 1 |
_aDavidson, Paul, _d1930- |
|
| 245 | 1 | 0 |
_aAggregate supply and demand analysis _c[by] Paul Davidson and Eugene Smolensky. With a section on Social accounts: theory and measurement, by Charles L. Leven. |
| 260 |
_aNew York, _bHarper & Row _c[c1964] |
||
| 300 |
_axiv, 274 p. _bdiagrs., tables. _c22 cm. |
||
| 504 | _aBibliographical footnotes. | ||
| 650 | 0 | _aSupply and demand. | |
| 650 | 0 | _aKeynesian economics. | |
| 700 | 1 | _aSmolensky, Eugene, | |
| 942 |
_2ddc _cBK |
||